000 00780nmm a2200277 a 4500
003 AR-BaBNM
005 20251128211237.0
008 123020s1997 ||||||||||||||000 | spa||
020 _a950-9792-15-2
040 _cAR-BaBNM
245 1 0 _aCorrupción
_buna sociedad bajo sospecha
260 _aBuenos Aires
_bLa Ley
_c1997
_bInstituto de Investigaciones Jurídicas y Sociales Ambrosio L. Gioja
300 _a218 p.
650 4 _aSISTEMAS DE CONTROL
650 4 _aPRENSA
650 4 _aLEGISLACION
650 4 _aESTADO DE DERECHO
650 4 _aCORRUPCION
650 4 _aCONTROL ADMINISTRATIVO
650 4 _aFILOSOFIA POLITICA
651 4 _aArgentina
700 1 _aSandler, H.R.
_ecoordinador
700 1 _aRajland, B.
_ecoordinador
942 _cBK
998 _cMariana
999 _c18866
_d18866